[Event "Cattolica op 2nd"]
[Site "Cattolica"]
[Date "2006.06.17"]
[Round "6"]
[White "De Santis, Alessio"]
[Black "Fongarolli, Diego"]
[Result "1-0"]
[WhiteElo "2337"]
[BlackElo "2068"]
[PlyCount "29"]
[EventDate "2006.06.12"]
[EventType "swiss"]
[EventRounds "6"]
[EventCountry "ITA"]
[SourceTitle "EXT 2024"]
[Source "ChessBase"]
[SourceDate "2023.10.10"]
[SourceVersion "1"]
[SourceVersionDate "2023.10.10"]
[SourceQuality "1"]

1. d4 Nf6 2. c4 g6 3. Nc3 d5 4. cxd5 Nxd5 5. e4 Nxc3 6. bxc3 Bg7 7. Bc4 0-0 8. Ne2 c5 9. Be3 Nc6 10. Rc1 Qc7 11. h4 Qa5 12. Kf1 cxd4 13. cxd4 Rd8 14. h5 Ne5 15. Bd2 1-0

[Event "Ducale op 10th"]
[Site "Genova"]
[Date "2002.11.29"]
[Round "6"]
[White "Laketic, Gojko"]
[Black "Fongarolli, Diego"]
[Result "1-0"]
[WhiteElo "2444"]
[BlackElo "2089"]
[PlyCount "47"]
[EventDate "2002.11.25"]
[EventType "swiss"]
[EventRounds "9"]
[EventCountry "ITA"]
[SourceTitle "CBM 091 Extra"]
[Source "ChessBase"]
[SourceDate "2003.01.09"]
[SourceVersion "1"]
[SourceVersionDate "2003.01.09"]
[SourceQuality "1"]

1. Nf3 c5 2. g3 Nc6 3. Bg2 g6 4. 0-0 Bg7 5. c3 d5 6. d4 cxd4 7. cxd4 e6 8. Nc3 Nge7 9. Bg5 0-0 10. Qd2 Re8 11. e4 Qb6 12. e5 Bd7 13. Rfd1 Rac8 14. g4 Na5 15. b3 Bb5 16. Rac1 Bc6 17. Rc2 Bf8 18. Rdc1 Bd7 19. Bh6 Bg7 20. Qf4 Qd8 21. h4 Rf8 22. Bg5 Qe8 23. Bf6 Kh8 24. Qh6 1-0